000 00627nam a2200217Ii 4500
003 JO-AjNU
008 230605s9999||||xx |||||||||||||| ||und||
017 _a1979/5341
020 _a977-276-230-0
040 _aJO-AjNU
_bara
_erda
_cJO-AjNU
041 _aara
050 1 4 _aHD37.A7.H3878.1980
100 3 _aالهواري،سيد,
_eauthor
_98493
245 0 0 _aماذا يفعل المديرون؟
264 3 1 _aالقاهرة:مكتبة عين شمس،1980
300 _a152ص
336 _atext
_btxt
_2rdacontent
337 _aunmediated
_bn
_2rdamedia
338 _avolume
_bnc
_2rdacarrier
650 4 _aادارة
_98494
999 _aA817
_c4385
_d4385